| 000 | 00659 a2200181 4500 | ||
|---|---|---|---|
| 999 |
_c7055 _d7055 |
||
| 020 | _axxxxxx | ||
| 050 | _aF 128.9 GLA 1963 | ||
| 100 |
_aGlazer, Nathan _eauthor |
||
| 245 |
_aBeyond the melting pot : _bthe Negroes ,Puerto Ricans,Jews Italians and Irish of New York city / _cNathan Glazer & Daniel Patrick Moynhan |
||
| 264 |
_aMasssachusetts : _bM.I.T. Press _c1969 |
||
| 300 | _avii, 360p. : | ||
| 500 | _aIncludes index | ||
| 650 |
_aImmigrants - Emigration and immigratio _xNew York (State) |
||
| 650 |
_aMinorities _xNew York. |
||
| 650 | _aEmigration and immigration | ||
| 700 |
_aMoynihan, Daniel Patrick _eauthor |
||
| 942 |
_2lcc _cBK _h128,3 _iGLA _kF |
||